000 00422nam a2200181Ia 4500
001 1168
005 20260306140612.0
008 260306t2011||||xx |||||||||||||| ||spa||
041 _aESP
082 _a186
_bK44
100 _aKerzul, Gustavo
_eAUT
245 0 _aEl nihilismo y la clínica del vacio
260 _c2011
300 _a88 páginas :
_c21cm.
650 _aGEN
654 _aCHU
942 _cLIB
_dJUS
_fJUS
_2ddc
_n
999 _c1168
_d1168